La Petite Maison dans la Prairie en 40 clics - Statistiques

Statistiques générales
  • Ce quiz a été pris 70 fois
  • Le résultat moyen est 17 sur 40
Statistiques - réponses
Hint Réponse % Correct
Qui retrouve miraculeusement complètement la vue après un accident ? Adam Kendall
78%
Qui s'endort en lisant un livre sur les indiens, plonge immédiatement dans un rêve, où il ou elle est déguisé en indiens avec Laura puis sont emmenés par une tribu ? Albert Ingalls
74%
Qui croit être enceinte aussi lorsque Laura attend son bébé ? Caroline Ingalls
74%
Qui renverse un saladier d'œufs sur la tête de Nellie dans la cuisine du restaurant ? Percival Dalton
74%
Qui meurt dans les bras d'Alice Garvey ? Adam Kendall Junior
72%
Qui occupait le poste d'institutrice de Walnut Grove juste avant que Laura Ingalls ne la remplace ? Eliza Jane Wilder
65%
De qui Laura est elle jalouse quand elle suspecte que son nouvel époux lui prête une attention particulière ? Brenda Sue
63%
Prévenu par Grace, qui se rend avec Laura Ingalls chez Edwards quand ce dernier a eu un accident de travail et n'a plus l'usage de ses jambes ? Charles Ingalls
63%
Qui part en vacances avec sa femme et confie ses deux enfants turbulents à Almanzo et Laura ? Royal Wilder
61%
Qui est la jeune fille de 12 ans qui se fait violer puis tombe enceinte et meurt finalement des suites d une Hémopathie qu'elle aurait attrapé à la suite d'une violente chute ? Sylvia Webb
61%
Qui frappe un élève qu'il juge trop proche quand Laura occupe son premier poste d'institutrice ? Almanzo Wilder
59%
Lorsque Mme Oleson profite de son rôle d'opératrice pour espionner les conversations, de qui apprend t-on qu'elle a été mariée dans sa jeunesse à un homme nommé Harold qui sort après 18 ans de prison ? Alice Garvey
57%
Qui célèbre le mariage de Nellie et Percival en l'absence d'un Révérend (car Percival est Juif) ? Hiram Baker
57%
Qui est la mère de Percival Dalton ? Edna Cohen
54%
Qui est le vieux gardien irascible, mais au grand cœur, de l'institut pour aveugles à Sleepy Eye? Houston Lamb
54%
Lors d'un trajet avec Charles Ingalls et Albert, qui trouve la mort lors d'un accident de chariot avec son mari Alvin ? Sarah Cooper
52%
Pour qui Charles Ingalls espère que les sentiments de Laura se tourneront vers lui plutôt qu'Almanzo jusqu'à ce qu'il apparaisse qu'il est un fauteur de troubles qui ne se soucie pas de blesser un cheval, mais seulement de gagner des paris ? Perley Day Wilder
46%
Qui surgit avec M. Stohler, un inspecteur du Ministère de l'Éducation (qui fait la tournée des écoles en besoin de subventions) quand un cours de Laura Ingalls tourne au fiasco ? Harriet Oleson
43%
En se rendant à St Paul pour recevoir le prix Louis Braille, Mary et Adam rencontrent la jeune Marge Loren dans la diligence. Quel autre rôle dans la série jouera plus tard l'actrice qui interprète Marge Loren ? Etta Plum
41%
Quand Nels Oleson décide de quitter le magasin, en froid avec Harriet, pour être voyageur de commerce, qui est la femme dont il tombe amoureux (qui tient l'hôtel où il loge) ? Molly Reardon
41%
Qui est le père biologique d'Albert ? Jeremy Quinn
39%
Qui se met à écrire ses mémoires afin de laisser une trace de son passé à la suite du décès de la mère de Caroline ? Frederick Holbrook
37%
Qui ne parle pas et est recueilli avec son frère Michael par Houston lorsqu'ils fuguent de l'orphelinat pour ne pas être séparés ? Josh
35%
Qui part à New York avec Adam pour régler la succession de son père mort, l'aider dans les démarches et apprend que le défunt était criblé de dettes ? Laura Ingalls
35%
Qui est une jeune artiste aveugle repéré par un galeriste intéressé par son travail et souhaite faire une exposition à Sleepy eye ? Annie Crane
33%
Qui est le jeune garçon muet qui finit par tomber amoureux de Laura Ingalls quand elle lui apprend le langage des signes ? Daniel Page
33%
Qui est le révérend évangéliste qui arrive à Walnut Grove promettant de guérir la population de tous leurs maux et le démontrant avec des "miracles", aux dépens de la santé d'un enfant ? Jacob Danforth
33%
Quand Laura propose aux élèves d'écrire à d'autres écoliers, avec qui Albert correspond à en tomber amoureux ? Leslie Barton
33%
Qui devient l'épouse du Révérend Alden ? Anna Craig
30%
Qui est le forgeron de Walnut Grove qui viole une fille de 12 ans ? Irv Hartwig
30%
Les gentils voisins des Ingalls qui recueillent leur petit fils, âgé de seize ans devenu un voyou sont Brewster et sa femme ? Virginia Davenport
30%
Sur qui un manager malhonnête essaie de convaincre les habitants de Walnut Grove qu'il faut parier pour un match de lutte ? Jonathan Garvey
28%
Qui refuse sa cécité et est aidé par Joe Kagan dans l'épisode où Joe courtise Esther Sue à Sleepy Eye ? Timothy
28%
Qui est le premier client d'Adam Kendall quand ce dernier est avocat à Walnut Grove ? Edgar Mills
20%
Qui est une ancienne star du football américain, revient s'installer avec sa femme et son fils à Walnut Grove et entraîne l'équipe de Willie et Albert ? Pete Ellerbee
20%
Quel personnage est interprété par James Cromwell qui a joué notamment dans Star Trek, Babe, La ligne verte, Spider-Man, Jurassic World ou encore Six Feet Under ? Harvey Miller
17%
Lorsqu'un cirque arrive à Walnut Grove, qui est invité par Almanzo pour assister à la représentation avec lui ? Christie Norton
15%
Qui est le vieillard moqueur qui accompagne à un moment Charles Ingalls lorsque Charles fait une course de transport en chariot contre Almanzo ? Kavendish
15%
Qui est surpris par Esther Sue dans la cave de l'institut pour aveugles, quelques heures avant l'incendie tragique en compagnie d'Albert (pour y fumer la pipe) ? Clay Mays
13%
Quel rôle joue dans la série Barbara Collentine qui est la femme de Richard Bull (Nels Oleson) dans la vie ? Edna Mills
11%
Aucun quiz correspondant
Distribution des résultats
% des personnes avec chaque résultat
Percentile par nombre de réponses
Votre historique - résultats
Vous n’avez pas pris ce quiz